Random Countries on a Topological Map - Statistics

General Stats
  • This quiz has been taken 52,360 times
  • The average score is 12 of 20
Answers on the Map
Answers color-coded by a green-red scale on the quiz's map according to % correct below.
 
Answer Stats
Country % Correct
United States
95%
Russia
93%
Canada
91%
China
91%
Mexico
88%
Brazil
87%
Chile
82%
Argentina
81%
France
80%
Italy
78%
Paraguay
76%
Germany
75%
Panama
74%
Bolivia
73%
Ecuador
73%
Peru
73%
South Africa
73%
Colombia
72%
Guatemala
72%
Uruguay
72%
Egypt
71%
India
71%
Ukraine
71%
Algeria
70%
Nicaragua
70%
Turkey
69%
Guyana
68%
Spain
68%
Costa Rica
67%
Honduras
67%
Venezuela
67%
Iran
66%
Lesotho
66%
D. R. Congo
65%
Saudi Arabia
65%
Greece
64%
Libya
64%
San Marino
64%
Sudan
64%
Suriname
64%
Tunisia
64%
Niger
63%
Denmark
62%
El Salvador
62%
Iraq
62%
Vatican City
62%
Israel
61%
Mali
61%
Morocco
61%
Austria
60%
Eswatini
60%
Switzerland
60%
Oman
59%
Romania
59%
Yemen
59%
Andorra
58%
Belize
58%
Indonesia
58%
Mongolia
58%
Mozambique
58%
Namibia
58%
Portugal
58%
Rwanda
58%
Belarus
57%
Burundi
57%
Kenya
57%
Latvia
57%
Liechtenstein
57%
Poland
57%
Syria
57%
Belgium
56%
Bulgaria
56%
Estonia
56%
Lithuania
56%
Luxembourg
56%
Pakistan
56%
Somalia
56%
Tanzania
56%
United Arab Emirates
56%
Botswana
55%
Jordan
55%
Monaco
55%
Nepal
55%
Angola
54%
Chad
54%
Moldova
54%
Qatar
54%
Slovenia
54%
Ethiopia
53%
Finland
53%
Georgia
53%
Lebanon
53%
Netherlands
53%
Uganda
53%
Zimbabwe
53%
Kuwait
52%
Malaysia
52%
Sweden
52%
Zambia
52%
Armenia
51%
Croatia
51%
Djibouti
51%
Eritrea
51%
Hungary
51%
Norway
51%
Albania
50%
Azerbaijan
50%
Kazakhstan
50%
Mauritania
50%
Thailand
50%
Afghanistan
49%
Bhutan
49%
Malawi
49%
North Korea
49%
Serbia
49%
South Sudan
49%
Vietnam
49%
Central African Republic
48%
Laos
48%
R. Congo
48%
Guinea
47%
Nigeria
47%
Senegal
47%
Slovakia
47%
South Korea
47%
Tajikistan
47%
Cameroon
46%
Uzbekistan
46%
Cambodia
45%
Gabon
45%
Kosovo
45%
Liberia
45%
Myanmar
45%
Bosnia and Herzegovina
44%
Gambia
44%
Sierra Leone
44%
Turkmenistan
44%
Kyrgyzstan
43%
Montenegro
43%
North Macedonia
43%
Togo
43%
Czechia
42%
Ghana
42%
Bangladesh
41%
Brunei
41%
Burkina Faso
41%
East Timor
41%
Guinea-Bissau
41%
Papua New Guinea
40%
Benin
39%
Ivory Coast
39%
Equatorial Guinea
35%
No matching quizzes found
Score Distribution
Percent of People with Each Score
Percentile by Number Answered
Your Score History
You have not taken this quiz